000 00753nam a2200205 a 4500
003 0
005 20250225143828.0
008 100827s19uu xx 00 eng d
050 _aPGS LB 1027.5
_b.Ac189 2010
100 _aAcuña, John Joseph M.
245 _aThe importance of anecdotal records as perceived by the lower school students /
_cJohn Joseph M. Acuña.
260 _aLas Piñas City, Philippines :
_bSouthville International School and Colleges,
_c2010.
300 _a18 pages :
_billustrations ;
_c28 cm.
504 _aIncludes bibliographical references.
650 _aAnecdotal records (Education).
650 _aStudent records.
650 _aObservation in education.
650 _aEvaluation in education.
942 _2lcc
_cPASS
999 _c98343
_d98343